Recopilación de leyes y reglamentos: con índices numéricos, temáticos y de notas
Gardado en:
| Autor Corporativo: | |
|---|---|
| Formato: | Libro |
| Idioma: | Lingua castelá |
| Publicado: |
Santiago
Contraloría General de la República
2012
|
| Edición: | 1a. ed |
| Subjects: | |
| Tags: |
Engadir etiqueta
Sen Etiquetas, Sexa o primeiro en etiquetar este rexistro!
|
MARC
| LEADER | 00000cam a2200000 a 4500 | ||
|---|---|---|---|
| 001 | UCE1695 | ||
| 003 | CL-VaPUC | ||
| 008 | 140508e20120000cl |||||||||||||||||spa|d | ||
| 082 | 0 | 4 | |a 348.022 |b CON |2 21 |
| 110 | 2 | |a Contraloría General de la República |e author |9 574076 | |
| 245 | 1 | 0 | |a Recopilación de leyes y reglamentos: con índices numéricos, temáticos y de notas |
| 250 | |a 1a. ed | ||
| 300 | |a t | ||
| 942 | |c BK | ||
| 945 | |d 20140508 16:03:00 |a dcastane | ||
| 260 | |a Santiago |b Contraloría General de la República |c 2012 | ||
| 500 | |a t.143: comprende desde la ley Nº 20.507, de 8 de abril de 2011, a la ley Nº 20.550 de 26 de octubre de 2011, anexos y reglamentos publicados entre los meses de noviembre de 2010 a mayo de 2011 | ||
| 500 | |a t.144 v.1: comprende desde la ley Nº 20.551 de 11 de noviembre de 2011, a la ley Nº 20.595, de 17 de mayo de 2012y anexos B y D | ||
| 500 | |a t.144 v.2: comprende reglamentos publicados entre los meses de junio a diciembre de 2011 | ||
| 500 | |a t.145: comprende desde la ley Nº 20.596, de 4 de julio de 2012, a la ley Nº 20.651 de 31 de diciembre de 2012 y anexos B y D | ||
| 650 | 0 | |a Fuentes del derecho |9 255162 | |
| 650 | 7 | |a LEGISLACION |2 CL-VaPUC |9 574077 | |
| 650 | 0 | |a Leyes |9 256670 | |
| 650 | 7 | |a DERECHO CHILENO |2 CL-VaPUC |9 574078 | |
| 650 | 7 | |a DECRETOS SUPREMOS |2 CL-VaPUC |9 396008 | |
| 650 | 0 | |a Tratados internacionales |9 256056 | |
| 583 | |a last modification |c 20140508 16:03:00 |k Rodrigo Vera | ||
| 999 | |c 355427 |d 355425 | ||
| 952 | |0 0 |1 0 |3 erb |4 0 |6 348_022000000000000_CON_2012 |7 0 |8 F |9 462143 |a BIBDER |b BIBDER |h t.143 |i 5069920 |o 348.022 CON 2012 |p 5069920 |r 2023-01-25 |w 2019-11-23 |y BK_F |z Catalogado en:20140508 |k DER | ||
| 952 | |0 0 |1 0 |3 erb |4 0 |6 348_022000000000000_CON_2012 |7 0 |8 F |9 462144 |a BIBDER |b BIBDER |h t.144 v.1 |i 5069939 |o 348.022 CON 2012 |p 5069939 |r 2023-01-25 |w 2019-11-23 |y BK_F |z Catalogado en:20140508 |k DER | ||
| 952 | |0 0 |1 0 |3 erb |4 0 |6 348_022000000000000_CON_2012 |7 0 |8 F |9 462145 |a BIBDER |b BIBDER |h t.144 v.2 |i 5069947 |o 348.022 CON 2012 |p 5069947 |r 2023-01-25 |w 2019-11-23 |y BK_F |z Catalogado en:20140508 |k DER | ||
| 952 | |0 0 |1 0 |3 erb |4 0 |6 348_022000000000000_CON_2012 |7 0 |8 F |9 462146 |a BIBDER |b BIBDER |h t.145 |i 5069955 |o 348.022 CON 2012 |p 5069955 |r 2023-01-25 |w 2019-11-23 |y BK_F |z Catalogado en:20140508 |k DER | ||